Statistics for Countries with only one border

Click here to take the quiz!

General Stats

  • This quiz has been taken 50 times
  • The average score is 14 of 17

Answer Stats

ContinentAnswer% Correct
North AmericaCanada
98%
EuropeUnited Kingdom
94%
EuropeDenmark
92%
EuropeIreland
92%
AsiaSouth Korea
92%
North AmericaDominican Republic
90%
North AmericaHaiti
90%
EuropeSan Marino
88%
EuropeVatican City
88%
EuropePortugal
86%
AfricaLesotho
84%
AsiaBrunei
82%
AsiaQatar
80%
EuropeMonaco
73%
AfricaThe Gambia
73%
AsiaTimor-Leste
73%
AsiaPapua New Guinea
53%

Score Distribution

Percentile by Number Answered

Percent of People with Each Score

Your Score History

You have not taken this quiz